Martinovics Ignác filozófiai írásai

Elmentve itt :
Bibliográfiai részletek
Szerző: Újj Anna
További közreműködők: Karácsonyi Béla (Témavezető)
Dokumentumtípus: Disszertáció
Megjelent: 1996
Kulcsszavak:Filozófia, Martinovics Ignác
Tárgyszavak:
Online Access:http://doktori.ek.szte.hu/4728
LEADER 00812nta a2200217 i 4500
001 dokt4728
005 20220414095951.0
008 220414s1996 hu om 0|| hun d
040 |a SZTE Doktori Repozitórium  |b hun 
041 |a hun 
100 1 |a Újj Anna 
245 1 0 |a Martinovics Ignác filozófiai írásai  |h [elektronikus dokumentum] /  |c  Újj Anna 
260 |c 1996 
502 |a Disszertacio 
650 4 |a történelemtudományok 
650 4 |a Bölcsészettudományok 
650 4 |a Történettudomány és régészet 
695 |a Filozófia, Martinovics Ignác 
700 1 |a Karácsonyi Béla  |e ths 
856 4 0 |u https://doktori.bibl.u-szeged.hu/id/eprint/4728/1/1996_ujj_anna_magyar.pdf  |z Dokumentum-elérés  
856 4 0 |u https://doktori.bibl.u-szeged.hu/id/eprint/4728/2/1996_ujj_anna_latin.pdf  |z Dokumentum-elérés